[Event "Euro Championship 2008 "]
[Site "SchemingMind.com"]
[Date "2008.03.03"]
[Round "-"]
[White "Konan_Kaddosh"]
[Black "nevereverwin"]
[Result "1-0"]
[WhiteCountry "ITA"]
[BlackCountry "ENG"]
[WhiteElo "2496"]
[WhiteRD "63"]
[BlackElo "1247"]
[BlackRD "97"]
[GameID "144173"]

1. e4 e5 2. Nf3 Nc6 3. Bb5 a6 4. Ba4 Nf6 5. O-O Be7 6. Re1 b5 7. Bb3 O-O 8. h3 d6 9. c3 Na5 10. Bc2 Be6
11. d4 exd4 12. cxd4 d5 13. e5 Ne4 14. Nbd2 Nxd2 15. Qxd2 h6 16. Qxa5 Qd7 17. Qc3 a5 18. Qd3 Bf5 19. Qxf5 Qxf5 20. Bxf5 Bb4
21. Re2 a4 22. Rc2 a3 23. Rxc7 axb2 24. Bxb2 Rac8 25. Rxc8 Rxc8 26. Bxc8
1-0

[Event "Euro Championship 2008 "]
[Site "SchemingMind.com"]
[Date "2008.03.05"]
[Round "-"]
[White "spoke"]
[Black "jankep"]
[Result "0-1"]
[WhiteCountry "GER"]
[BlackCountry "POL"]
[WhiteElo "1851"]
[WhiteRD "59"]
[BlackElo "2185"]
[BlackRD "88"]
[GameID "144368"]

1. e4 e6 2. d4 d5 3. Nc3 Nf6 4. Bg5 Be7 5. e5 Nfd7 6. Bxe7 Qxe7 7. f4 c5 8. Nf3 Nc6 9. Qd2 O-O 10. Be2 cxd4
11. Nxd4 Ndxe5 12. fxe5 Qh4+ 13. g3 Qxd4 14. Qxd4 Nxd4 15. O-O Nxc2 16. Rac1 Ne3
0-1

[Event "Euro Championship 2008 "]
[Site "SchemingMind.com"]
[Date "2008.03.03"]
[Round "-"]
[White "jankep"]
[Black "spoke"]
[Result "1-0"]
[WhiteCountry "POL"]
[BlackCountry "GER"]
[WhiteElo "2185"]
[WhiteRD "88"]
[BlackElo "1851"]
[BlackRD "59"]
[GameID "144375"]

1. d4 d5 2. c4 e6 3. Nc3 Nf6 4. Bg5 Nbd7 5. e3 h6 6. Bh4 Be7 7. Rc1 c6 8. Nf3 dxc4 9. Bxc4 Nb6 10. Bd3 Nbd5
11. O-O Nxc3 12. Rxc3 Nd5 13. Bxe7 Qxe7 14. Rc1 O-O 15. Ne5 Bd7 16. Qf3 Rad8 17. Rc5 Nb4 18. Be4 Na6 19. Ra5 Qb4 20. Ra3 Qxb2
21. Rb3 Qxa2 22. Rxb7 Bc8 23. Rxa7
1-0

[Event "Euro Championship 2008 "]
[Site "SchemingMind.com"]
[Date "2008.04.03"]
[Round "-"]
[White "chesshub"]
[Black "Gordon"]
[Result "1/2-1/2"]
[WhiteCountry "FRA"]
[BlackCountry "ENG"]
[WhiteElo "2447"]
[WhiteRD "63"]
[BlackElo "2321"]
[BlackRD "86"]
[GameID "148570"]

1. e4 e5 2. Nf3 Nc6 3. Bb5 a6 4. Ba4 Nf6 5. O-O Be7 6. Re1 b5 7. Bb3 O-O 8. c3 d5 9. exd5 Nxd5 10. Nxe5 Nxe5
11. Rxe5 c6 12. d3 Bd6 13. Re1 Bf5 14. Qf3 Re8 15. Rxe8+ Qxe8 16. Nd2 Qe1+ 17. Nf1 Bg6 18. Bxd5 cxd5 19. Qxd5 Rd8 20. Bg5 Qxa1
21. Bxd8 Bxh2+ 22. Kxh2 Qxf1 23. Bh4 h6 24. d4 Qb1 25. Qb3 Be4 26. Bg3 Qd3 27. Qa3 Qd2 28. Qe7 Bg6 29. Qb7 Kh7 30. Qxa6 Qxb2
31. Qc6 h5 32. f3 Bd3 33. Qc5 Bf1 34. Qxh5+ Kg8 35. Qh3 Qxa2 36. Bf4 Qe6 37. Qh4 Bc4 38. Bc1=
1/2-1/2

[Event "Euro Championship 2008 "]
[Site "SchemingMind.com"]
[Date "2008.04.02"]
[Round "-"]
[White "Gordon"]
[Black "chesshub"]
[Result "1-0"]
[WhiteCountry "ENG"]
[BlackCountry "FRA"]
[WhiteElo "2365"]
[WhiteRD "85"]
[BlackElo "2451"]
[BlackRD "67"]
[GameID "148580"]

1. e4 e5 2. Nf3 Nc6 3. Bb5 a6 4. Ba4 Nf6 5. O-O Be7 6. Re1 b5 7. Bb3 O-O 8. c3 d6 9. h3 Na5 10. Bc2 c5
11. d4 Qc7 12. Nbd2 Nc6 13. d5 Nd8 14. a4 Rb8 15. axb5 axb5 16. b4 c4 17. Nf1 Ne8 18. Ng3 g6 19. Be3 Ng7 20. Ra7 Rb7
21. Ra6 Rb8 22. Ra5 f6 23. Qe2 Qd7 24. Rea1 Nf7 25. Nh2 Bd8 26. Ra7 Bb7 27. Qg4 Qxg4 28. Nxg4 Kh8 29. Nh2 Kg8 30. Nf3 h5
31. Kh2 f5 32. exf5 h4 33. fxg6 hxg3+ 34. fxg3 Nh8 35. g4 Ne8 36. Ng5 Bxg5 37. Bxg5 Rf2 38. Be4 Re2 39. Rxb7 Rxb7 40. Bf3 Rc2
41. Ra8 Kg7 42. Rxe8 Nxg6 43. Re6 Rxc3 44. Rxd6 Ra7 45. h4 Nf4 46. Bf6+ Kg8 47. Bxe5 Rxf3 48. gxf3 Ra2+ 49. Kg3 Ne2+ 50. Kf2 c3
51. Ra6 Rxa6 52. Kxe2 Ra2+ 53. Kd3 Rd2+ 54. Kxc3 Rxd5 55. f4 Rd7 56. h5 Rd1 57. g5 Kh7 58. Kc2 Rd8 59. Bc3
1-0

[Event "Euro Championship 2008 "]
[Site "SchemingMind.com"]
[Date "2008.04.12"]
[Round "-"]
[White "tiggeronvrb"]
[Black "finlaggan"]
[Result "0-1"]
[WhiteCountry "SCO"]
[BlackCountry "SCO"]
[WhiteElo "1816"]
[WhiteRD "55"]
[BlackElo "2030"]
[BlackRD "105"]
[GameID "150010"]

1. e4 e5 2. Nf3 Nc6 3. Bb5 a6 4. Ba4 Nf6 5. O-O Be7 6. Re1 b5 7. Bb3 d6 8. c3 O-O 9. h3 Na5 10. Bc2 c5
11. d4 Qc7 12. Nbd2 Bd7 13. Nf1 Nc4 14. b3 Nb6 15. dxe5 dxe5 16. Bb2 Rad8 17. Qe2 c4 18. Rac1 Nh5 19. Red1 Nf4 20. Qe1 Be6
21. Rxd8 Rxd8 22. Rd1 Nd3 23. Bxd3 cxd3 24. Qe3 Bc5 25. Qg5 f6 26. Qg3 Qc6 27. N1d2 Bf7 28. Kh1 a5 29. a3 a4 30. b4 Bf8
31. Ne1 Nc4 32. Nxd3 Rxd3 33. Qxd3 Nxb2
0-1

[Event "Euro Championship 2008 "]
[Site "SchemingMind.com"]
[Date "2008.04.12"]
[Round "-"]
[White "finlaggan"]
[Black "tiggeronvrb"]
[Result "1-0"]
[WhiteCountry "SCO"]
[BlackCountry "SCO"]
[WhiteElo "1956"]
[WhiteRD "113"]
[BlackElo "1765"]
[BlackRD "59"]
[GameID "150020"]

1. d4 d5 2. c4 c6 3. Nf3 Nf6 4. Nc3 e6 5. cxd5 exd5 6. Bg5 Be7 7. Qc2 O-O 8. e3 Nbd7 9. Bd3 Re8 10. O-O h6
11. Bf4 Nf8 12. h3 b6 13. Ne5 Bb7 14. a3 Bd6 15. b4 Rc8 16. Bf5 Ne6 17. Rac1 c5 18. bxc5 bxc5 19. Nb5 Bxe5 20. dxe5 Nd7
21. Nd6 Ba8 22. Bxe6 fxe6 23. Bxh6 Nxe5 24. Nxc8 Qxc8 25. Qc3 Qc7 26. Bf4
1-0

[Event "Euro Championship 2008 "]
[Site "SchemingMind.com"]
[Date "2008.04.13"]
[Round "-"]
[White "Robert Pallett"]
[Black "MichaelDV"]
[Result "1/2-1/2"]
[WhiteCountry "ENG"]
[BlackCountry "SWE"]
[WhiteElo "2362"]
[WhiteRD "79"]
[BlackElo "2319"]
[BlackRD "64"]
[GameID "150309"]

1. e4 e5 2. Nf3 Nc6 3. Bb5 Nf6 4. O-O Nxe4 5. d4 Nd6 6. Bxc6 dxc6 7. dxe5 Nf5 8. Qxd8+ Kxd8 9. Nc3 Ne7 10. Rd1+ Ke8
11. h3 h6 12. Be3 Ng6 13. Ne2 Be7 14. a4 a5 15. Ned4 f6 16. exf6 Bxf6 17. Re1 Kf7 18. Rad1 Rd8 19. b3 Bd7 20. Ne2 b6
21. Bd4 c5 22. Bxf6 Kxf6 23. Nc3 Bc6 24. Nd2 Nf4 25. f3 Rd4 26. Kf2 Rad8 27. Nc4 g5 28. Rc1 h5 29. Ne4+ Bxe4=
1/2-1/2

[Event "Euro Championship 2008 "]
[Site "SchemingMind.com"]
[Date "2008.04.13"]
[Round "-"]
[White "MichaelDV"]
[Black "Robert Pallett"]
[Result "1/2-1/2"]
[WhiteCountry "SWE"]
[BlackCountry "ENG"]
[WhiteElo "2319"]
[WhiteRD "64"]
[BlackElo "2362"]
[BlackRD "79"]
[GameID "150316"]

1. d4 Nf6 2. Nf3 d5 3. c4 e6 4. g3 dxc4 5. Bg2 a6 6. O-O Nc6 7. e3 Bd7 8. Qe2 b5 9. Nc3 Bd6 10. e4 e5
11. dxe5 Nxe5 12. Nxe5 Bxe5 13. f4 Bxc3 14. bxc3 c6 15. f5 O-O 16. Bg5 h6 17. Bh4 Qe7 18. Rad1 Rad8 19. e5 Bc8 20. Rde1 Qc5+
21. Kh1 Rfe8 22. Bxf6 gxf6 23. Qg4+ Kh7 24. exf6 Qf8 25. Rxe8 Rxe8 26. Qh5 b4 27. cxb4 c3 28. Bf3 Re5 29. a3 c2 30. Bxc6 Bd7
31. Bxd7 Qa8+ 32. Kg1 Qa7+ 33. Kg2 Qxd7 34. Qg4 Qc6+ 35. Kg1 Qb6+ 36. Kg2 Qc6+ 37. Kh3 Qxf6 38. Qc4 Qg5 39. Qxf7+ Kh8 40. f6 Re4
41. Qf8+=
1/2-1/2

[Event "Euro Championship 2008 "]
[Site "SchemingMind.com"]
[Date "2008.05.12"]
[Round "-"]
[White "jankep"]
[Black "MichaelDV"]
[Result "1/2-1/2"]
[WhiteCountry "POL"]
[BlackCountry "SWE"]
[WhiteElo "2196"]
[WhiteRD "89"]
[BlackElo "2318"]
[BlackRD "68"]
[GameID "154412"]

1. d4 d5 2. g3 e6 3. Nf3 Nf6 4. Bg2 Be7 5. O-O O-O 6. c4 dxc4 7. Qc2 a6 8. a4 Bd7 9. Qxc4 Bc6 10. Bg5 Bd5
11. Qd3 Be4 12. Qe3 Nbd7 13. Nc3 Bc6 14. Qd2 h6 15. Bxf6 Nxf6 16. Rfe1 Ne4 17. Nxe4 Bxe4 18. Red1 Qd5 19. Ne1 Bxg2 20. Nxg2 Rfd8
21. Qc2 Rac8 22. e4 Qa5 23. Ne3 Qb4=
1/2-1/2

[Event "Euro Championship 2008 "]
[Site "SchemingMind.com"]
[Date "2008.05.13"]
[Round "-"]
[White "MichaelDV"]
[Black "jankep"]
[Result "1-0"]
[WhiteCountry "SWE"]
[BlackCountry "POL"]
[WhiteElo "2377"]
[WhiteRD "70"]
[BlackElo "2155"]
[BlackRD "99"]
[GameID "154427"]

1. d4 d5 2. Nf3 Nf6 3. c4 e6 4. g3 Be7 5. Bg2 O-O 6. O-O dxc4 7. Qc2 a6 8. Qxc4 b5 9. Qc2 Bb7 10. Bd2 Be4
11. Qc1 Bb7 12. Rd1 Nbd7 13. Ba5 Bd6 14. Nbd2 Rb8 15. Qc2 Qe7 16. Bxc7 Rfc8 17. Bxd6 Qxd6 18. Qd3 Qb4 19. Nb3 h6 20. Ne5 Bxg2
21. Kxg2 Qd6 22. Nxd7 Nxd7 23. Rac1 Nf6 24. e4 Qd8 25. Nc5 a5 26. f3 Nd7 27. Rd2 Nf6 28. Rdc2 Qe8 29. d5 exd5 30. exd5 b4
31. d6 Nd7 32. Re2 Qxe2+ 33. Qxe2 Rxc5 34. Rxc5 Nxc5 35. Qe7 Ne6 36. d7 a4 37. Qe8+
1-0

[Event "Euro Championship 2008 "]
[Site "SchemingMind.com"]
[Date "2008.05.27"]
[Round "-"]
[White "Mekk"]
[Black "Goran"]
[Result "0-1"]
[WhiteCountry "POL"]
[BlackCountry "ITA"]
[WhiteElo "1948"]
[WhiteRD "69"]
[BlackElo "2510"]
[BlackRD "73"]
[GameID "155989"]

1. e4 c5 2. Nf3 Nc6 3. d4 cxd4 4. Nxd4 e5 5. Nb5 d6 6. c4 Be7 7. Be3 Nf6 8. N1c3 a6 9. Na3 Ng4 10. Bd2 Qb6
11. c5 Qxc5 12. Qf3 O-O 13. Nc2 f5 14. exf5 Bxf5 15. Ne3 Nd4 16. Qd5+ Qxd5 17. Ncxd5 Bh4 18. g3 Be4 19. gxh4 Bxh1 20. O-O-O Nxf2
21. Bc4 Nxd1 22. Kxd1 b5 23. Ne7+ Kh8 24. Bd5 Bxd5 25. N3xd5 Rf1+
0-1

[Event "Euro Championship 2008 "]
[Site "SchemingMind.com"]
[Date "2008.05.27"]
[Round "-"]
[White "Goran"]
[Black "Mekk"]
[Result "1-0"]
[WhiteCountry "ITA"]
[BlackCountry "POL"]
[WhiteElo "2510"]
[WhiteRD "73"]
[BlackElo "1948"]
[BlackRD "69"]
[GameID "155994"]

1. d4 d5 2. Nf3 Nf6 3. c4 c6 4. Nc3 e6 5. Bg5 Nbd7 6. e3 a6 7. cxd5 cxd5 8. Bd3 Be7 9. O-O O-O 10. Rc1 b5
11. a4 b4 12. Nb1 a5 13. Nbd2 Ba6 14. Bxa6 Rxa6 15. Qe2 Qa8 16. Ne5 Re8 17. Rc2 h6 18. Bxf6 Nxf6 19. Rfc1 Ra7 20. Nc6 Rc7
21. Nb3 Bf8 22. Qb5 Rb8 23. Qxb8
1-0

[Event "Euro Championship 2008 "]
[Site "SchemingMind.com"]
[Date "2008.07.09"]
[Round "-"]
[White "Han Solo"]
[Black "king3012"]
[Result "0-1"]
[WhiteCountry "HUN"]
[BlackCountry "AUT"]
[WhiteElo "1973"]
[WhiteRD "75"]
[BlackElo "2457"]
[BlackRD "108"]
[GameID "162133"]

1. e4 b6 2. d4 e6 3. Nc3 Bb7 4. Bd3 Nf6 5. Nf3 Bb4 6. Qe2 d5 7. exd5 Qxd5 8. Bd2 Bxc3 9. bxc3 O-O 10. O-O Nbd7
11. Bf4 Rac8 12. Rfe1 c5 13. c4 Qh5 14. c3 Bxf3 15. Qxf3 Qxf3 16. gxf3 cxd4 17. cxd4 Nb8 18. Bd6 Rfd8 19. c5 Ne8 20. Rac1 Nxd6
21. cxd6 Rc6 22. d7 Rd6 23. Bb5 Nxd7 24. Rc7 a5 25. Rec1 g5 26. Rc8 Rxc8 27. Rxc8+ Nf8 28. Rc6 Rxc6 29. Bxc6 Ng6 30. Kg2 Kf8
31. Kg3 Nf4 32. Kg4 f6
0-1

[Event "Euro Championship 2008 "]
[Site "SchemingMind.com"]
[Date "2008.07.09"]
[Round "-"]
[White "king3012"]
[Black "Han Solo"]
[Result "1-0"]
[WhiteCountry "AUT"]
[BlackCountry "HUN"]
[WhiteElo "2466"]
[WhiteRD "106"]
[BlackElo "1916"]
[BlackRD "76"]
[GameID "162142"]

1. b3 d5 2. Nf3 Nf6 3. Bb2 e6 4. g3 Nbd7 5. c4 c6 6. Bg2 Bd6 7. d4 O-O 8. O-O Re8 9. Nc3 dxc4 10. bxc4 e5
11. e3 exd4 12. exd4 Nf8 13. Re1 Rxe1+ 14. Qxe1 Bf5 15. d5 cxd5 16. Nh4 Be4 17. Nxe4 dxe4 18. Rd1 Qb6 19. Bxf6 gxf6 20. Qxe4 Bc5
21. Rb1 Bxf2+ 22. Kf1 Qd4 23. Qc2 Be3 24. Nf5 Qc5 25. Bd5 Rd8 26. Qe2 Bd4 27. Rxb7
1-0

[Event "Euro Championship 2008 "]
[Site "SchemingMind.com"]
[Date "2008.08.17"]
[Round "-"]
[White "amyrigo"]
[Black "Argeon"]
[Result "1-0"]
[WhiteCountry "HUN"]
[BlackCountry "BEL"]
[WhiteElo "2446"]
[WhiteRD "116"]
[BlackElo "1932"]
[BlackRD "75"]
[GameID "167032"]

1. e4 c5 2. Nf3 Nc6 3. d4 cxd4 4. Nxd4 d6 5. Nc3 e6 6. Be3 Nge7 7. Be2 Nxd4 8. Qxd4 Nc6 9. Qd2 Be7 10. O-O O-O
11. f4 Qa5 12. a3 Bf6 13. b4 Qd8 14. Rad1 Re8 15. Nb5 d5 16. Bf3 a6 17. Nc3 d4 18. e5 Nxe5 19. fxe5 dxe3 20. Qe2 Qc7
21. exf6 Qxc3 22. Rd3 Qb2 23. Bh5 g6 24. Qxe3 Qxc2 25. Qh6
1-0

[Event "Euro Championship 2008 "]
[Site "SchemingMind.com"]
[Date "2008.08.17"]
[Round "-"]
[White "Argeon"]
[Black "amyrigo"]
[Result "0-1"]
[WhiteCountry "BEL"]
[BlackCountry "HUN"]
[WhiteElo "1932"]
[WhiteRD "75"]
[BlackElo "2446"]
[BlackRD "116"]
[GameID "167043"]

1. e4 c5 2. Nf3 d6 3. c3 Nf6 4. Bc4 Nxe4 5. Qa4+ Nc6 6. Bxf7+ Kxf7 7. Qxe4 g6 8. Qc4+ Kg7 9. d3 e5 10. Bg5 Qb6
11. b3 h6 12. Be3 Qd8 13. Qd5 Qe7 14. O-O Be6 15. Qe4 d5 16. Qa4 a6 17. Re1 Qf6 18. Bc1 Bf5 19. Rd1 d4 20. cxd4 exd4
21. Re1 b5 22. Qa3 c4 23. Qb2 c3
0-1

[Event "Euro Championship 2008 "]
[Site "SchemingMind.com"]
[Date "2008.10.13"]
[Round "-"]
[White "finlaggan"]
[Black "amyrigo"]
[Result "0-1"]
[WhiteCountry "SCO"]
[BlackCountry "HUN"]
[WhiteElo "2139"]
[WhiteRD "97"]
[BlackElo "2482"]
[BlackRD "116"]
[GameID "174767"]

1. d4 Nf6 2. c4 e6 3. Nc3 Bb4 4. Qc2 O-O 5. e4 c5 6. e5 cxd4 7. a3 Qa5 8. exf6 dxc3 9. axb4 Qxa1 10. fxg7 Re8
11. bxc3 e5 12. Nf3 e4 13. Nd4 Nc6 14. Nb5 a5 15. Nc7 axb4 16. Nxa8 bxc3 17. Nc7 Nd4 18. Qd1 c2 19. Qd2 Nb3 20. Nxe8 Nxd2
21. Kxd2 Qe5 22. Kxc2 Qxe8 23. Be2 d6 24. Bb2 Qa4+ 25. Kd2 Qa2 26. Kc1 Bf5 27. g4 Bg6
0-1

[Event "Euro Championship 2008 "]
[Site "SchemingMind.com"]
[Date "2008.10.13"]
[Round "-"]
[White "amyrigo"]
[Black "finlaggan"]
[Result "1-0"]
[WhiteCountry "HUN"]
[BlackCountry "SCO"]
[WhiteElo "2482"]
[WhiteRD "116"]
[BlackElo "2139"]
[BlackRD "97"]
[GameID "174774"]

1. e4 c5 2. Nf3 Nc6 3. d4 cxd4 4. Nxd4 g6 5. c4 Nf6 6. Nc3 d6 7. Be2 Nxd4 8. Qxd4 Bg7 9. Be3 O-O 10. Qd2 Be6
11. O-O Qa5 12. Rac1 Rfc8 13. b3 a6 14. Bf3 Rab8 15. Rfe1 b5 16. Nd5 Qxd2 17. Bxd2 Kf8 18. cxb5 axb5 19. Nc7 Bd7 20. e5 dxe5
21. Rxe5 e6 22. Ree1 Kg8 23. Be3 Rd8 24. Ba7 Bh6 25. Rc2 Rbc8 26. Bb7
1-0

[Event "Euro Championship 2008 "]
[Site "SchemingMind.com"]
[Date "2009.01.20"]
[Round "-"]
[White "king3012"]
[Black "Goran"]
[Result "1/2-1/2"]
[WhiteCountry "AUT"]
[BlackCountry "ITA"]
[WhiteElo "2487"]
[WhiteRD "116"]
[BlackElo "2584"]
[BlackRD "96"]
[GameID "187769"]

1. e4 e5 2. Nf3 Nc6 3. Bb5 a6 4. Ba4 Nf6 5. O-O Be7 6. Re1 b5 7. Bb3 O-O 8. c3 d6 9. h3 Bb7 10. d4 Re8
11. a4 h6 12. Nbd2 exd4 13. cxd4 Nb4 14. axb5 axb5 15. Rxa8 Qxa8 16. e5 dxe5 17. dxe5 Nfd5 18. Ne4 Bf8 19. Qe2 c5 20. Qxb5 Ba6
21. Qa4 c4 22. Nd6 Bxd6 23. exd6 Rxe1+ 24. Nxe1 cxb3 25. d7 Nc6 26. Qxc6 Qxc6 27. d8=Q+ Kh7 28. Bd2 f6 29. Nf3 Bc8 30. Qf8 Qc4
31. Qf7 Qe4 32. Kh2 Be6 33. Qa7 Qc2=
1/2-1/2

[Event "Euro Championship 2008 "]
[Site "SchemingMind.com"]
[Date "2009.01.19"]
[Round "-"]
[White "Goran"]
[Black "king3012"]
[Result "1/2-1/2"]
[WhiteCountry "ITA"]
[BlackCountry "AUT"]
[WhiteElo "2566"]
[WhiteRD "81"]
[BlackElo "2472"]
[BlackRD "104"]
[GameID "187775"]

1. e4 c6 2. d4 d5 3. Nd2 dxe4 4. Nxe4 Bf5 5. Ng3 Bg6 6. Nf3 Nd7 7. Bd3 Ngf6 8. O-O e6 9. Bf4 Nd5 10. Bg5 Be7
11. Bxe7 Nxe7 12. c3 O-O 13. Bxg6 Nxg6 14. Qb3 b6 15. Rfe1 Nf6 16. Rad1 Qc7 17. Qc2=
1/2-1/2

[Event "Euro Championship 2008 "]
[Site "SchemingMind.com"]
[Date "2009.02.18"]
[Round "-"]
[White "Konan_Kaddosh"]
[Black "Gordon"]
[Result "1-0"]
[WhiteCountry "ITA"]
[BlackCountry "ENG"]
[WhiteElo "2618"]
[WhiteRD "72"]
[BlackElo "2387"]
[BlackRD "91"]
[GameID "192968"]

1. e4 c5 2. Nf3 d6 3. d4 cxd4 4. Nxd4 Nf6 5. Nc3 g6 6. Be2 Bg7 7. O-O O-O 8. Be3 Nc6 9. Qd2 Bd7 10. f3 a6
11. Nxc6 bxc6 12. Bc4 Rb8 13. Rad1 Qc7 14. b3 Bc8 15. Bd4 Bb7 16. Rfe1 c5 17. Be3 Rfe8 18. Nd5 Nxd5 19. exd5 Qd7 20. Bf2 Rbd8
21. Re2 Qc7 22. Bh4 Rd7 23. Rde1 Bc8 24. Re4 h6 25. c3 Qa5 26. Bxe7 Kh7 27. R1e2 Qxc3 28. Qxc3 Bxc3 29. f4 Bb7 30. g4 Rh8
31. Bh4 Kg7 32. Re7 Bc8 33. h3 g5 34. Bg3 Rxe7 35. Rxe7 gxf4 36. Bxf4 h5 37. g5 Rd8 38. h4 Kg6 39. Ra7 f6 40. Ra8 Bd4+
41. Kh1 Kf5 42. Bg3 fxg5 43. Bxa6 Bxa6 44. Rxd8 gxh4 45. Bxh4 Bd3 46. Bg3 c4 47. bxc4 Bxc4 48. a4 Bxd5+ 49. Kh2 h4 50. Bxd6 Bf6
51. Rb8 Ke4 52. a5
1-0

[Event "Euro Championship 2008 "]
[Site "SchemingMind.com"]
[Date "2009.02.18"]
[Round "-"]
[White "Gordon"]
[Black "Konan_Kaddosh"]
[Result "0-1"]
[WhiteCountry "ENG"]
[BlackCountry "ITA"]
[WhiteElo "2387"]
[WhiteRD "91"]
[BlackElo "2618"]
[BlackRD "72"]
[GameID "192972"]

1. e4 c5 2. Nf3 Nc6 3. Bb5 e6 4. O-O Nge7 5. c3 a6 6. Ba4 b5 7. Bc2 Bb7 8. Qe2 Ng6 9. d4 cxd4 10. cxd4 Be7
11. Nc3 Rc8 12. Rd1 O-O 13. g3 h6 14. h4 Re8 15. h5 Nf8 16. Bf4 Nb4 17. Bb3 d5 18. a4 dxe4 19. Ne5 Nd3 20. axb5 axb5
21. Nxd3 exd3 22. Qxd3 b4 23. Ne4 Nh7 24. Be5 Qb6 25. Rac1 Nf8 26. d5 exd5 27. Bxd5 Rcd8 28. Bc7 Rxd5 29. Bxb6 Rxd3 30. Rxd3 Bxe4
31. Re3 f5 32. f3 Bd5 33. Kg2 Ne6 34. Re5 Bg5 35. Rd1 Bb3 36. Rd6 f4 37. Re4 fxg3 38. Kxg3 Be7 39. Rd2 Kf7 40. Rd7 Ba4
41. Ra7 Bc6 42. Re1 Kf6 43. f4 Bd6 44. Kg4 g6 45. hxg6 h5+ 46. Kh4 Kxg6 47. f5+ Kxf5 48. Ra5+ Kg6 49. Rg1+ Kf7 50. Rf5+ Ke7
51. Rxh5 Bf3 52. Rh7+ Kf6 53. Be3 Ke5 54. Bd2 Kd5 55. b3 Ra8
0-1

[Event "Euro Championship 2008 "]
[Site "SchemingMind.com"]
[Date "2009.07.27"]
[Round "-"]
[White "Konan_Kaddosh"]
[Black "MichaelDV"]
[Result "1-0"]
[WhiteCountry "ITA"]
[BlackCountry "SWE"]
[WhiteElo "2626"]
[WhiteRD "74"]
[BlackElo "2412"]
[BlackRD "69"]
[GameID "213577"]

1. e4 c5 2. Nf3 e6 3. d4 cxd4 4. Nxd4 Nc6 5. Nc3 Qc7 6. Be2 a6 7. O-O Nf6 8. Be3 b5 9. Nxc6 dxc6 10. f4 e5
11. fxe5 Qxe5 12. Bf4 Qc5+ 13. Kh1 Be6 14. e5 Nd5 15. Nxd5 Bxd5 16. Qc1 Be7 17. Be3 Qb4 18. Rf4 Qa5 19. a4 b4 20. Rg4 Qc7
21. Bf4 g5 22. Bxg5 Qxe5 23. Bf3 Bxf3 24. gxf3 O-O-O 25. Qf1 Bd6 26. Qxa6+ Kc7 27. Bxd8+ Rxd8 28. Rg2 Qxb2 29. Qa7+ Kc8 30. Rf1
1-0

[Event "Euro Championship 2008 "]
[Site "SchemingMind.com"]
[Date "2009.07.27"]
[Round "-"]
[White "MichaelDV"]
[Black "Konan_Kaddosh"]
[Result "1/2-1/2"]
[WhiteCountry "SWE"]
[BlackCountry "ITA"]
[WhiteElo "2412"]
[WhiteRD "69"]
[BlackElo "2626"]
[BlackRD "74"]
[GameID "213581"]

1. Nf3 Nf6 2. c4 e6 3. Nc3 c5 4. g3 b6 5. Bg2 Bb7 6. O-O Be7 7. d4 cxd4 8. Qxd4 O-O 9. Rd1 Nc6 10. Qf4 d6
11. b3 Qb8 12. Ba3 d5 13. Qxb8 Raxb8 14. Bxe7 Nxe7 15. Ne5 dxc4 16. Bxb7 Rxb7 17. Nxc4 Ned5 18. Nxd5 Nxd5 19. Rac1 Rc7 20. Ne3 Nc3
21. Kg2 Rfc8 22. Rd2 Kf8 23. Kf3 Ke7=
1/2-1/2

[Event "Euro Championship 2008 "]
[Site "SchemingMind.com"]
[Date "2009.09.16"]
[Round "-"]
[White "Goran"]
[Black "Konan_Kaddosh"]
[Result "1/2-1/2"]
[WhiteCountry "ITA"]
[BlackCountry "ITA"]
[WhiteElo "2608"]
[WhiteRD "96"]
[BlackElo "2603"]
[BlackRD "75"]
[GameID "220045"]

1. e4 c5 2. Nf3 Nc6 3. Nc3 Nf6 4. Bb5 Qc7 5. O-O Nd4 6. Re1 a6 7. Bf1 e5 8. Nd5 Nxd5 9. exd5 Bd6 10. a4 b6
11. Ng5 Be7 12. f4 Bxg5 13. fxg5 O-O 14. c3 Nf5 15. Bd3 d6 16. Be4 Ne7 17. d3 Bf5 18. Rf1 Qd7 19. b3 b5=
1/2-1/2

[Event "Euro Championship 2008 "]
[Site "SchemingMind.com"]
[Date "2009.09.18"]
[Round "-"]
[White "Konan_Kaddosh"]
[Black "Goran"]
[Result "1/2-1/2"]
[WhiteCountry "ITA"]
[BlackCountry "ITA"]
[WhiteElo "2606"]
[WhiteRD "75"]
[BlackElo "2608"]
[BlackRD "102"]
[GameID "220048"]

1. e4 e5 2. Nf3 Nf6 3. Nc3 Nc6 4. Bb5 Bb4 5. O-O O-O 6. d3 d6 7. Bg5 Bxc3 8. bxc3 h6 9. Bh4 Qe7 10. d4 Bd7
11. Qc1 a6 12. Bd3 Bg4 13. d5 Nb8 14. Nd2 Nbd7 15. f3 Bh5 16. Rb1 Rfb8 17. Nc4 b6 18. a4 g5 19. Bf2 a5 20. Na3 Kg7
21. Bb5 Rh8 22. Bc6 Rag8 23. Nb5 Nb8 24. Bb7 Bg6 25. c4 Nh5 26. Be3 Nf4 27. Kh1 Nd7 28. Qd2 Qd8 29. Qc3 f6 30. Bc6 Rf8
31. Qd2=
1/2-1/2